| 000 | 01809cam a2200541 i 4500 | ||
|---|---|---|---|
| 001 | 56280 | ||
| 003 | KOSZ 005 | ||
| 005 | 20240315123123.0 | ||
| 008 | 240311s2008 pl a f 100 0 pol | ||
| 015 | _aUWD 2009/1025 | ||
| 020 | _a9788388724411 | ||
| 035 | _a991046942499705066 | ||
| 035 | _a(PL-WaBN)b22945052-48omnis_nlop | ||
| 035 | _ab22945052 | ||
| 035 | _a(OCoLC)297804347 | ||
| 035 | _axx001239233 | ||
| 035 | _a(PL)b0000002294505 | ||
| 035 | _a(EXLNZ-48OMNIS_NETWORK)9910453680205606 | ||
| 040 |
_aWA N _cWA N _dKOSZ 005/RW |
||
| 046 | _k2008 | ||
| 080 | _a004.62 | ||
| 080 | _a519.2 | ||
| 080 | _a(06) | ||
| 245 | 0 | 0 | _aPraktyczne wykorzystanie analizy danych i data mining. |
| 260 |
_aKraków : _bStatSoft Polska, _c2008. |
||
| 300 |
_a116 stron : _bilustracje ; _c24 cm. |
||
| 336 |
_aTekst _btxt _2rdacontent |
||
| 337 |
_aBez urządzenia pośredniczącego _bn _2rdamedia |
||
| 338 |
_aWolumin _bnc _2rdacarrier |
||
| 380 | _aKsiążki | ||
| 380 | _aPublikacje naukowe | ||
| 388 | 1 | _a2001- | |
| 500 | _aMateriały na seminarium, październik 2008 r., Warszawa. | ||
| 504 | _aBibliografia przy niektórych referatach. | ||
| 650 | 7 |
_aData mining _2DBN |
|
| 650 | 7 |
_aMetody statystyczne _2DBN |
|
| 650 | 7 |
_aStatistica (program komputerowy) _2DBN |
|
| 650 | 7 |
_aStatystyka _2DBN |
|
| 650 | 7 |
_aZastosowanie i wykorzystanie _2DBN |
|
| 655 | 7 |
_aMateriały konferencyjne _2DBN |
|
| 655 | 7 |
_aPraca zbiorowa _2DBN |
|
| 655 | 7 |
_aProgramy komputerowe _2DBN |
|
| 658 | _aInformatyka i technologie informacyjne | ||
| 710 | 2 |
_aStatsoft Polska _4pbl |
|
| 856 |
_uhttps://koha.tu.koszalin.pl/cgi-bin/koha/opac-detail.pl?biblionumber=56280 _yKatalog online BPK |
||
| 942 |
_2UKD _cKS |
||
| 999 |
_c56280 _d56280 |
||